000 00985cam a22001814a 4500
005 20250605163304.0
008 250528s ||||||||||||||||||||||||d
035 _a16103
020 _a415045355
040 _aGR-AtMCL
_bgre
_dGR-AtMCL
_eAACR2
245 1 _aImages Incorporated / Advertising as Industry and Ideology
260 _bRouledge
_bSinclair John,
_c1989
300 _a216
520 _aThis book traces the recent history of advertising and provides a critical review of the major theories by which advertising's relationships to economy and culture have been explained. Acknowledgements, The Study of Advertising, Advertising in Econony and Society, Advertising in Cultural Theory, Advertising and Media and Marketing, The Transnationalisation of Advertising, Manufacturing and Marketing and Media in World Regions, Transnational Corporations and Cultural Influence, Advertising and the Future, Bibliography, Index.
942 _cBK
999 _c1640
_d1640